Mara Wilson Filmography - Statistics

General Stats
  • This quiz has been taken 6 times
  • The average score is 2 of 9
Answer Stats
Year Movie % Correct
1996 Matilda
67%
1993 Mrs. Doubtfire
67%
2000 Thomas and the Magic Railroad
67%
1994 Miracle on 34th Street
33%
1997 A Simple Wish
0%
1999 Balloon Farm
0%
2015 Billie Bob Joe
0%
1996 Magic Within
0%
2020 Our Popcorn Movie Dystopia: Some More News: The Movie
0%
No matching quizzes found
Score Distribution
Percent of People with Each Score
Percentile by Number Answered
Your Score History
You have not taken this quiz